000 00479nam a22001457a 4500
020 _a9788123914152
050 _aTP248.3
_b.S53 2007
245 _aObjective questions and answers in biochemical engineering, biochemistry, biotechnology and microbiolgy
_cH.K. Sharma (et...al)
260 _aNew Delhi:
_bCBS,
_c2007.
300 _avi, 508p.:
500 _aIncludes Index
650 _v1. Biochemical engineering. 2. Biochemistry.
700 _aSharma, H.K. (et...al)
942 _cGEN
999 _c514
_d514